00485 2200193 4500001002100000005001500021008004100036020002300077035001900100041000700119082001100126090001700137100002300154245003800177260001900215300003000234500001100264650001600275INLIS00000000000139720241224112337241224||||||||| | ||| |||| || |  aISBN 979-760-394-6 0010-1224001397 aid0 a398. 9 a398. 9 END m0 aEndang Sri Wahyuni00aMari Belajar Majas dan Peribahasa bSeti-Ajic2011 aiv, 76 hlm.; ilus.: 19 cm aCet. 2 0aIlmu Sosial